| 000 | 00537nam a2200169 i 4500 | ||
|---|---|---|---|
| 001 | 163344 | ||
| 003 | ES-MaACL | ||
| 005 | 20230906212724.0 | ||
| 008 | 981002s1898 fr |||| | fre d | ||
| 040 |
_aAS _bspa _cCCPB | 3D |
||
| 100 | 1 |
_aRésal, Jean. _996314 |
|
| 245 | 1 | 0 |
_aRésistance des matériaux / _cpar Jean Résal. |
| 260 |
_aParis : _bLibrairie Polytechnique Baudry & Cie., _c1898. |
||
| 300 |
_aVII, 516 p. : _bil. ; _c24 cm. |
||
| 650 | 4 |
_aResistencia de materiales. _9136826 |
|
| 852 |
_aES-MaACL _jG-14030 _z-- Enc. hol. |
||
| 999 |
_c163344 _d163344 |
||